[Event "Kalamazoo January Mini-Swiss.1"]
[Site "Kalamazoo, MI"]
[Date "2000.01.22"]
[Round "2"]
[White "Moore, Robert"]
[Black "Post, Robert"]
[Result "0-1"]
[WhiteElo "1600"]
[BlackElo "1623"]
[PlyCount "72"]
[EventDate "2000.01.22"]

1. e4 g6 2. d4 Bg7 3. Nf3 d6 4. c4 Nf6 5. Nc3 O-O 6. Be2 Nbd7 7. O-O e5 8. d5
Ne8 9. Be3 f5 10. exf5 gxf5 11. Ng5 Ndf6 12. f4 h6 13. fxe5 hxg5 14. exf6 Bxf6
15. Bd3 f4 16. Qh5 Qe7 17. Bd2 Bd4+ 18. Kh1 Qg7 19. Rae1 Nf6 20. Qg6 Qxg6 21.
Bxg6 Kg7 22. Bc2 Ng4 23. Ne4 Rh8 24. h3 Bf5 25. Bc3 Bxc3 26. bxc3 Kg6 27. Ba4
Ne3 28. Rxe3 fxe3 29. Ng3 Bd3 30. Re1 Bxc4 31. Rxe3 Bxd5 32. Bc2+ Kf6 33. Re2
Rxh3+ 34. Kg1 Rxg3 35. Kh2 Rxc3 36. Rf2+ Kg7 0-1

[Event "Kalamazoo January Mini-Swiss.2"]
[Site "Kalamazoo, MI"]
[Date "2000.01.22"]
[Round "2"]
[White "Miller, Doug"]
[Black "Henkel, Scott"]
[Result "0-1"]
[WhiteElo "1309"]
[BlackElo "1264"]
[PlyCount "102"]
[EventDate "2000.01.22"]

1. e4 d6 2. d4 Nf6 3. Bd3 g6 4. c4 Bg7 5. Nc3 c5 6. d5 Nbd7 7. f4 a6 8. Nf3 Qa5
9. O-O Ng4 10. Bd2 Qc7 11. Ng5 Bd4+ 12. Kh1 Nf2+ 13. Rxf2 Bxf2 14. f5 Ne5 15.
Bc2 Nxc4 16. fxg6 hxg6 17. Qf3 Bd4 18. Qxf7+ Kd8 19. Bf4 Ne5 20. Ne6+ Bxe6 21.
Qxe6 Qd7 22. Qxd7+ Kxd7 23. Ne2 Raf8 24. Nxd4 Rxf4 25. Ne6 Rf2 26. Rc1 b5 27.
Kg1 Rf6 28. a4 b4 29. a5 Rxe6 30. Ba4+ Kc7 31. dxe6 Rf8 32. Rf1 Rxf1+ 33. Kxf1
c4 34. Ke2 Nc6 35. Ke3 Nxa5 36. Kd4 b3 37. g4 g5 38. Bd7 Nc6+ 39. Kxc4 Ne5+ 40.
Kxb3 Nxg4 41. Kc3 Nxh2 42. Kd3 Nf3 43. Ba4 Ne5+ 44. Ke2 g4 45. Kf1 Nd3 46. Kg2
Nxb2 47. Bc2 a5 48. Kg3 a4 49. Kxg4 a3 50. Bb3 Na4 51. Kf4 Nc3 0-1

[Event "Kalamazoo January Mini-Swiss.2"]
[Site "Kalamazoo, MI"]
[Date "2000.01.22"]
[Round "2"]
[White "Linklater, Erik"]
[Black "Kilburn, Gregory"]
[Result "0-1"]
[WhiteElo "719"]
[BlackElo "1157"]
[PlyCount "84"]
[EventDate "2000.01.22"]

1. d4 d5 2. c4 c6 3. Nc3 Nf6 4. Bg5 e6 5. Nf3 Be7 6. e3 O-O 7. Bd3 Nbd7 8. Rc1
b6 9. O-O Bb7 10. e4 dxe4 11. Nxe4 Nxe4 12. Bxe7 Qxe7 13. Bxe4 Nf6 14. Bc2 c5
15. Re1 cxd4 16. Qd3 Bxf3 17. Qxf3 Qc5 18. Qf4 Rfe8 19. Re5 Qe7 20. Rd1 Nd7 21.
Ba4 Nxe5 22. Bxe8 Ng6 23. Bxf7+ Qxf7 24. Qxd4 e5 25. Qd5 Qxd5 26. Rxd5 Rc8 27.
b3 Rc7 28. f3 Kf7 29. g4 Kf6 30. a4 Nf4 31. Rd6+ Ne6 32. h4 Ke7 33. Rd5 Rc5 34.
Rxc5 Nxc5 35. Kf2 Nxb3 36. Ke3 Ke6 37. f4 exf4+ 38. Kxf4 Nc5 39. Kg5 Kf7 40.
Kf5 Nxa4 41. h5 Nc5 42. g5 a5 0-1

[Event "Kalamazoo January Mini-Swiss.3"]
[Site "Kalamazoo, MI"]
[Date "2000.01.22"]
[Round "3"]
[White "Lawitzke, John"]
[Black "King, Anthony"]
[Result "0-1"]
[WhiteElo "973"]
[BlackElo "1139"]
[PlyCount "50"]
[EventDate "2000.01.22"]

1. d4 Nf6 2. Nf3 g6 3. c4 Bg7 4. Bg5 O-O 5. Nc3 d6 6. e4 Bg4 7. Be2 Bxf3 8.
Bxf3 Nc6 9. O-O e5 10. d5 Nd4 11. Re1 h6 12. Be3 Nxf3+ 13. Qxf3 c5 14. Qh3 Kh7
15. f4 exf4 16. Bxf4 Nh5 17. Bd2 Qf6 18. Rf1 Qd4+ 19. Be3 Qe5 20. Qd7 Nf6 21.
Qxb7 Rab8 22. Qxa7 Rxb2 23. Qa3 Nxe4 24. Nxe4 Qxe4 25. Rae1 Qxg2# 0-1

[Event "Kalamazoo January Mini-Swiss.3"]
[Site "Kalamazoo, MI"]
[Date "2000.01.22"]
[Round "1"]
[White "Lawitzke, John"]
[Black "Babcock, John"]
[Result "1/2-1/2"]
[WhiteElo "973"]
[BlackElo "950"]
[PlyCount "67"]
[EventDate "2000.01.22"]

1. d4 Nf6 2. c4 g6 3. Nf3 d5 4. e3 Bg7 5. Nc3 O-O 6. Be2 Re8 7. O-O Nc6 8. b3
Bf5 9. Bd3 e6 10. Bxf5 exf5 11. Bb2 Ne7 12. Ne5 c6 13. f4 Ne4 14. Nxe4 fxe4 15.
c5 Nf5 16. Qe2 Re7 17. Qf2 Qe8 18. g4 Nh6 19. f5 Bxe5 20. dxe5 Nxg4 21. fxg6
hxg6 22. Qh4 Nxe5 23. Rf4 Qf8 24. Raf1 f5 25. Kh1 Rh7 26. Qxh7+ Kxh7 27. Rh4+
Qh6 28. Rxh6+ Kxh6 29. Bxe5 Rg8 30. Kg2 Rf8 31. Kg3 Kg5 32. h4+ Kh6 33. Kf4 Rg8
34. Rg1 1/2-1/2

[Event "Kalamazoo January Mini-Swiss.3"]
[Site "Kalamazoo, MI"]
[Date "2000.01.22"]
[Round "1"]
[White "Krzyston, Joe"]
[Black "Smith, Adam"]
[Result "0-1"]
[WhiteElo "862"]
[BlackElo "1342"]
[PlyCount "120"]
[EventDate "2000.01.22"]

1. e4 c5 2. Nf3 d6 3. d4 cxd4 4. Nxd4 Nf6 5. Nc3 g6 6. Be3 Bg7 7. f3 O-O 8. Qd2
Nc6 9. Nxc6 bxc6 10. Bh6 Bd7 11. O-O-O Rb8 12. Bxg7 Kxg7 13. h4 h5 14. g4 Qa5
15. g5 Ng8 16. Be2 Be6 17. b3 Rb7 18. f4 Kh7 19. f5 Bd7 20. fxg6+ fxg6 21. Rhf1
Rbb8 22. Kb1 Qe5 23. Rxf8 Rxf8 24. Rf1 Rxf1+ 25. Bxf1 c5 26. Bb5 Bxb5 27. Nxb5
Qxe4 28. Qf2 Qf5 29. Qe1 a6 30. Nc3 d5 31. a4 e6 32. Na2 Ne7 33. Nc1 Nc6 34.
Ka2 Nb4+ 35. Kb2 Qxc2+ 36. Ka3 Qb1 37. Qd2 Qa1+ 38. Na2 Nxa2 39. Qxa2 Qxa2+ 40.
Kxa2 e5 41. Kb2 Kg7 42. Kc2 Kf7 43. Kd3 Ke6 44. Ke3 Kf5 45. a5 d4+ 46. Kf3 e4+
47. Ke2 Kf4 48. Kd2 Kf3 49. Ke1 e3 50. Kf1 d3 51. Ke1 d2+ 52. Kd1 Kf2 53. Kc2
e2 54. Kxd2 e1=Q+ 55. Kd3 Qb4 56. Kc2 c4 57. Kb2 Qxb3+ 58. Kc1 Qa2 59. Kd1 Ke3
60. Kc1 Kd3 0-1

[Event "Kalamazoo January Mini-Swiss.3"]
[Site "Kalamazoo, MI"]
[Date "2000.01.22"]
[Round "2"]
[White "King, Anthony"]
[Black "Walls, James"]
[Result "0-1"]
[WhiteElo "1139"]
[BlackElo "869"]
[PlyCount "108"]
[EventDate "2000.01.22"]

1. e4 e5 2. Nf3 Nf6 3. Nxe5 Nxe4 4. Bc4 Nd6 5. Qe2 Qe7 6. d4 f6 7. Nf3 Nxc4 8.
Qxe7+ Bxe7 9. O-O O-O 10. Re1 Rf7 11. Nc3 c6 12. d5 Bb4 13. dxc6 Bxc3 14. bxc3
Nxc6 15. Re8+ Rf8 16. Re4 b5 17. Nd4 Nxd4 18. cxd4 d5 19. Re7 Rf7 20. Re8+ Rf8
21. Re7 Bf5 22. Rb1 a6 23. Re2 Rae8 24. Be3 Re6 25. Rc1 Rfe8 26. c3 Nxe3 27.
Rxe3 Rxe3 28. fxe3 Rxe3 29. Kf2 Re6 30. Re1 Rxe1 31. Kxe1 Bb1 32. a3 Kf7 33.
Kd1 Ke7 34. Kc1 Be4 35. g3 g5 36. Kb2 a5 37. Kb3 a4+ 38. Kb4 Bd3 39. Kc5 Bc4
40. Kb4 h5 41. Kc5 h4 42. g4 Ke6 43. Kc6 h3 44. Kc5 f5 45. gxf5+ Kxf5 46. Kd6
g4 47. Ke7 g3 48. hxg3 h2 49. Kf7 Kg5 50. Ke6 h1=Q 51. Kd6 Qf3 52. Kc5 Qf8+ 53.
Kb6 Qxa3 54. Ka5 Qxc3+ 0-1

[Event "Kalamazoo January Mini-Swiss.2"]
[Site "Kalamazoo, MI"]
[Date "2000.01.22"]
[Round "3"]
[White "Kilburn, Gregory"]
[Black "Miller, Doug"]
[Result "1/2-1/2"]
[WhiteElo "1157"]
[BlackElo "1309"]
[PlyCount "110"]
[EventDate "2000.01.22"]

1. d4 Nf6 2. c4 g6 3. Nf3 Bg7 4. Nc3 O-O 5. e3 d6 6. Bd3 b6 7. O-O Bb7 8. d5 c6
9. e4 cxd5 10. exd5 Nbd7 11. Be3 Nc5 12. Bxc5 bxc5 13. Re1 Re8 14. Qc2 Ng4 15.
h3 Ne5 16. Nxe5 Bxe5 17. g3 Bc8 18. Kg2 Bd7 19. f4 Bg7 20. Rf1 Qc8 21. f5 Rb8
22. b3 e5 23. dxe6 Bc6+ 24. Kh2 fxe6 25. f6 Bxf6 26. Rxf6 Qd7 27. Raf1 Rf8 28.
Rxf8+ Rxf8 29. Rxf8+ Kxf8 30. Qf2+ Kg7 31. Ne4 d5 32. Qf6+ Kg8 33. Ng5 e5 34.
Qe6+ Qxe6 35. Nxe6 e4 36. Bf1 d4 37. Nxc5 d3 38. Nxd3 exd3 39. Bxd3 Kf7 40. b4
Ke6 41. b5 Bb7 42. a4 Ke5 43. Kg1 Kd4 44. Bf1 Kc5 45. Kf2 Kb4 46. Ke3 Kxa4 47.
Kf4 h6 48. h4 Kb4 49. g4 a5 50. c5 Kxc5 51. Bd3 a4 52. Bxg6 Kxb5 53. g5 hxg5+
54. Kxg5 Bf3 55. Be8+ Kb4 1/2-1/2

[Event "Kalamazoo January Mini-Swiss.2"]
[Site "Kalamazoo, MI"]
[Date "2000.01.22"]
[Round "1"]
[White "Kilburn, Gregory"]
[Black "Jensen, Robert"]
[Result "0-1"]
[WhiteElo "1157"]
[BlackElo "1386"]
[PlyCount "44"]
[EventDate "2000.01.22"]

1. d4 d5 2. c4 c6 3. Nf3 e6 4. Nc3 Nf6 5. e3 Bd6 6. c5 Bc7 7. Bd3 O-O 8. O-O b6
9. Na4 b5 10. Nc3 a5 11. a4 b4 12. Ne2 Ne4 13. Qc2 f5 14. Nd2 Nd7 15. f3 Ng5
16. b3 Qf6 17. Bb2 Qh6 18. f4 Ne4 19. Bxe4 fxe4 20. g3 Nf6 21. Kg2 Ng4 22. Qc1
Qxh2# 0-1

[Event "Kalamazoo January Mini-Swiss.2"]
[Site "Kalamazoo, MI"]
[Date "2000.01.22"]
[Round "2"]
[White "Jensen, Robert"]
[Black "Thompson, Dean"]
[Result "1-0"]
[WhiteElo "1386"]
[BlackElo "1389"]
[PlyCount "61"]
[EventDate "2000.01.22"]

1. d4 Nf6 2. Nf3 g6 3. Bg5 Bg7 4. Nbd2 d5 5. e3 c5 6. c3 c4 7. b3 b5 8. a4 bxa4
9. Rxa4 Bd7 10. Ra1 cxb3 11. Qxb3 e6 12. Ne5 O-O 13. Qb7 Qc8 14. Qxa8 Qxc3 15.
Qxa7 Ne4 16. Qa5 Qxa5 17. Rxa5 Nxg5 18. Nxd7 Nxd7 19. Bb5 Rc8 20. O-O Nf6 21.
Rfa1 Nge4 22. Nxe4 Nxe4 23. Ra8 Rxa8 24. Rxa8+ Bf8 25. f3 Nd6 26. Bd3 Kg7 27.
e4 dxe4 28. fxe4 f5 29. Ra7+ Kg8 30. e5 Bg7 31. Ra8+ 1-0

[Event "Kalamazoo January Mini-Swiss.2"]
[Site "Kalamazoo, MI"]
[Date "2000.01.22"]
[Round "3"]
[White "Jensen, Robert"]
[Black "Griffin, John"]
[Result "1-0"]
[WhiteElo "1386"]
[BlackElo "1500"]
[PlyCount "77"]
[EventDate "2000.01.22"]

1. d4 d5 2. Nf3 Nc6 3. Bg5 Bg4 4. h3 Bxf3 5. gxf3 f6 6. Bh4 e5 7. dxe5 Nxe5 8.
Qd4 Qd6 9. Nc3 Ne7 10. Nb5 Qc6 11. Qa4 a6 12. Nxc7+ Kd7 13. Qxc6+ Kxc6 14. Nxa8
Nf5 15. Bg3 Bd6 16. O-O-O Rxa8 17. Bg2 Bc5 18. f4 Nxg3 19. fxg3 Be3+ 20. Kb1
Nd7 21. Rxd5 Kc7 22. Rhd1 Nb6 23. R5d3 Re8 24. Rc3+ Kb8 25. Rb3 Re7 26. Bf3 Bc5
27. a3 Ka7 28. e4 h6 29. g4 Bf2 30. Rd2 Bg3 31. f5 Be5 32. Be2 Na4 33. c3 Nc5
34. Rb4 Bf4 35. Rdd4 Be5 36. Rd5 Nd7 37. Bc4 Nb6 38. Rd1 Nxc4 39. Rxc4 1-0

[Event "Kalamazoo January Mini-Swiss.3"]
[Site "Kalamazoo, MI"]
[Date "2000.01.22"]
[Round "3"]
[White "Jackson, Don"]
[Black "Smith, Adam"]
[Result "0-1"]
[WhiteElo "1043"]
[BlackElo "1342"]
[PlyCount "73"]
[EventDate "2000.01.22"]

1. g4 d6 2. Bg2 Bd7 3. Bxb7 Nc6 4. Bxa8 Qxa8 5. h3 Nf6 6. e3 Ne5 7. Kf1 Qxh1 8.
f4 Nc4 9. Qf3 Qxf3+ 10. Nxf3 g6 11. d3 Nb6 12. Nc3 Bg7 13. Bd2 O-O 14. Kg2 Rb8
15. b3 Nbd5 16. g5 Nxc3 17. Bxc3 Nd5 18. Bxg7 Kxg7 19. Re1 Nb4 20. Nd4 Nxa2 21.
Ra1 Nb4 22. Rxa7 Nd5 23. Kg3 Nxe3 24. Rxc7 Rd8 25. c4 Nf5+ 26. Nxf5+ Bxf5 27.
Rxe7 Bxd3 28. h4 Rb8 29. Rd7 Rxb3 30. Rxd6 Bxc4+ 31. Kf2 h6 32. gxh6+ Kxh6 33.
Rd4 Be6 34. Rd8 Kh5 35. Rh8+ Kg4 36. h5 gxh5 37. Rg8+ 0-1

[Event "Kalamazoo January Mini-Swiss.3"]
[Site "Kalamazoo, MI"]
[Date "2000.01.22"]
[Round "1"]
[White "Jackson, Don"]
[Black "Ontiveros, Mark"]
[Result "1/2-1/2"]
[WhiteElo "1043"]
[BlackElo "831"]
[PlyCount "95"]
[EventDate "2000.01.22"]

1. g4 d5 2. h3 c6 3. Bg2 f6 4. c4 e6 5. Nc3 e5 6. cxd5 cxd5 7. Nxd5 Nc6 8. Nc3
f5 9. e3 Nf6 10. g5 Ng8 11. h4 f4 12. Qh5+ g6 13. Qf3 Nge7 14. exf4 Nd4 15. Qe4
Bf5 16. Qxe5 Nc2+ 17. Kf1 Qd4 18. Nge2 Qxe5 19. fxe5 Nxa1 20. Nd4 Bd3+ 21. Kg1
Nf5 22. Ne6 Ke7 23. Nf4 Ba6 24. Ncd5+ Kd8 25. Ne6+ Kd7 26. Nec7 Bc5 27. Nxa8
Rxa8 28. Nf6+ Ke6 29. Ne4 Rc8 30. Kh2 Kxe5 31. Re1 Nc2 32. Rd1 Bd3 33. Nf6 Bxf2
34. Ng4+ Kd6 35. Nxf2 Nxh4 36. Nxd3 Nd4 37. b3 Ne6 38. Ba3+ Kd7 39. Bxb7 Rf8
40. Bxf8 Nxf8 41. Rc1 Ne6 42. Ne5+ Kd6 43. Rc4 Nf5 44. Nf3 Nc5 45. Be4 Ne6 46.
Bxf5 gxf5 47. Nd4 Nxg5 48. Nxf5+ 1/2-1/2

[Event "Kalamazoo January Mini-Swiss.2"]
[Site "Kalamazoo, MI"]
[Date "2000.01.22"]
[Round "2"]
[White "Higgins, Richard"]
[Black "Ringler, Dave"]
[Result "1-0"]
[WhiteElo "1175"]
[BlackElo "980"]
[PlyCount "99"]
[EventDate "2000.01.22"]

1. e4 c5 2. d4 cxd4 3. c3 dxc3 4. Nxc3 d6 5. Nf3 Nf6 6. Bc4 e6 7. O-O a6 8. a3
Nxe4 9. Ba2 Nxc3 10. bxc3 Be7 11. Qc2 O-O 12. Be3 Nd7 13. Rfe1 b5 14. Rad1 Bb7
15. Bb1 Nf6 16. Bg5 g6 17. Bh6 Re8 18. Ne5 Qb6 19. Be3 Qc7 20. Nd3 Ng4 21. Ba2
Nxe3 22. fxe3 Qc6 23. Nf4 e5 24. Nxg6 Qxg2+ 25. Qxg2 Bxg2 26. Nxe7+ Rxe7 27.
Kxg2 Rc8 28. Rxd6 Rxc3 29. Rd8+ Kg7 30. Bb1 Rxa3 31. Kf3 f6 32. Rg1+ Kf7 33.
Bxh7 Ke6 34. Be4 Rd7 35. Bf5+ Kxf5 36. Rxd7 b4 37. h4 b3 38. Rb1 a5 39. e4+ Ke6
40. Rb7 a4 41. Kg4 Ra2 42. Rb6+ Kf7 43. R1xb3 axb3 44. Rxb3 Ra7 45. Kf5 Kg7 46.
Rg3+ Kf7 47. Rg6 Ra6 48. h5 Rb6 49. h6 Ke8 50. h7 1-0

[Event "Kalamazoo January Mini-Swiss.2"]
[Site "Kalamazoo, MI"]
[Date "2000.01.22"]
[Round "1"]
[White "Henkel, Scott"]
[Black "Griffin, John"]
[Result "0-1"]
[WhiteElo "1264"]
[BlackElo "1500"]
[PlyCount "120"]
[EventDate "2000.01.22"]

1. b4 Nf6 2. Bb2 d5 3. b5 b6 4. e3 a5 5. a4 g6 6. Nc3 Bg7 7. Nf3 O-O 8. d4 Ne4
9. Nxe4 dxe4 10. Ng5 Bb7 11. c4 h6 12. Nh3 c5 13. Nf4 Nd7 14. h4 e5 15. dxe5
Nxe5 16. Qc2 Qc7 17. Nd5 Bxd5 18. cxd5 Nd3+ 19. Bxd3 Bxb2 20. Qxb2 exd3 21. Qd2
c4 22. O-O Qe5 23. e4 Qxe4 24. Qxh6 Qxd5 25. Qe3 Qe6 26. Qd2 Qf6 27. Rac1 Rac8
28. Rfe1 Qxh4 29. Re3 Qg5 30. Qc3 Rfe8 31. Rh3 Qe5 32. Qd2 Qg7 33. g3 Re2 34.
Qxd3 cxd3 35. Rxc8+ Qf8 36. Rxf8+ Kxf8 37. Kf1 Ra2 38. Rh4 Ke7 39. Rd4 d2 40.
f3 Ke6 41. Ke2 Ke5 42. Rxd2 Rxd2+ 43. Kxd2 Kd4 44. g4 Kc4 45. g5 Kb4 46. Kd3
Kxa4 47. Kc4 Ka3 48. Kc3 a4 49. Kc4 Kb2 50. Kd5 a3 51. Kc6 a2 52. Kxb6 a1=Q 53.
Kb7 Kc3 54. b6 Kd4 55. Kb8 Ke3 56. b7 Kxf3 57. Kc8 Qc3+ 58. Kb8 Kf4 59. Ka8 Qe5
60. b8=Q Qxb8+ 0-1

[Event "Kalamazoo January Mini-Swiss.2"]
[Site "Kalamazoo, MI"]
[Date "2000.01.22"]
[Round "2"]
[White "Griffin, John"]
[Black "Worley, Ron"]
[Result "1-0"]
[WhiteElo "1500"]
[BlackElo "1358"]
[PlyCount "108"]
[EventDate "2000.01.22"]

1. d4 f5 2. g3 Nf6 3. c4 e6 4. Bg2 d5 5. Nf3 Be7 6. O-O O-O 7. b3 c6 8. Ba3
Bxa3 9. Nxa3 Qe7 10. Nb1 Nbd7 11. Nbd2 e5 12. dxe5 Nxe5 13. Nxe5 Qxe5 14. Nf3
Qe7 15. cxd5 Nxd5 16. e3 Be6 17. Qc1 Rad8 18. Qb2 Qf6 19. Qxf6 Nxf6 20. Rfd1
Ne4 21. Kf1 Rd5 22. Rxd5 Bxd5 23. Rd1 Rd8 24. Ke1 Nc3 25. Rd2 Re8 26. Nh4 Bxg2
27. Nxg2 Nd5 28. Kd1 g5 29. a3 Rd8 30. Kc2 Rd7 31. f3 Re7 32. Rd3 b5 33. Kd2 a5
34. h4 h6 35. hxg5 hxg5 36. Ne1 Kf7 37. Nc2 Kf6 38. Rd4 Ke6 39. e4 fxe4 40.
Rxe4+ Kf5 41. Nd4+ Kf6 42. Rxe7 Nxe7 43. Kd3 Ke5 44. a4 b4 45. Kc4 Kd6 46. Ne2
Ng6 47. f4 gxf4 48. gxf4 Ne7 49. Ng3 Nd5 50. Ne4+ Kc7 51. Nc5 Nxf4 52. Ne4 Kb6
53. Nd6 Nd5 54. Ne8 Ne3+ 1-0

[Event "Kalamazoo January Mini-Swiss.1"]
[Site "Kalamazoo, MI"]
[Date "2000.01.22"]
[Round "2"]
[White "Evans Sr., Thomas"]
[Black "Armstead, Curt"]
[Result "1-0"]
[WhiteElo "1873"]
[BlackElo "1847"]
[PlyCount "71"]
[EventDate "2000.01.22"]

1. e4 e6 2. d4 d5 3. exd5 exd5 4. Nf3 Bf5 5. Bd3 Bxd3 6. Qxd3 c6 7. O-O Nf6 8.
Re1+ Be7 9. Qe2 Nbd7 10. Bf4 Kf8 11. Nbd2 Nb6 12. Ne5 h6 13. b3 Bb4 14. Qd3 Ne4
15. Re2 Nxd2 16. Bxd2 Bxd2 17. Qxd2 Qf6 18. a4 Rd8 19. Re3 Qg5 20. Qb4+ Kg8 21.
a5 Nc8 22. Qxb7 Nd6 23. Qxa7 Kh7 24. Nxf7 Nxf7 25. Qxf7 Rhf8 26. Qc7 Qf6 27.
Rf1 Qxd4 28. Qxc6 Rc8 29. Qb5 Kh8 30. Qd3 Qb4 31. a6 Qb6 32. Ra1 d4 33. Re4
Rxc2 34. Qxc2 d3 35. Qd2 Qf6 36. Rf1 1-0

[Event "Kalamazoo January Mini-Swiss.1"]
[Site "Kalamazoo, MI"]
[Date "2000.01.22"]
[Round "2"]
[White "Bryant, Daniel"]
[Black "Dorrington, Eldon"]
[Result "1/2-1/2"]
[WhiteElo "1627"]
[BlackElo "1697"]
[PlyCount "109"]
[EventDate "2000.01.22"]

1. c4 Nf6 2. Nc3 e5 3. d3 Nc6 4. Nf3 Be7 5. g3 O-O 6. Bg2 d6 7. O-O a6 8. Bg5
Rb8 9. Rb1 Re8 10. b4 Nd4 11. a4 c6 12. b5 axb5 13. axb5 Bd7 14. bxc6 bxc6 15.
Rxb8 Qxb8 16. e3 Ne6 17. Bxf6 Bxf6 18. Qc2 Qc7 19. Rb1 Rb8 20. Ne4 Be7 21. Rb2
f5 22. Nc3 Rxb2 23. Qxb2 Bf6 24. e4 Nc5 25. Qe2 Qa5 26. Qd2 Nb3 27. Qc2 Nd4 28.
Nxd4 exd4 29. Ne2 fxe4 30. Bxe4 Bh3 31. Qd1 d5 32. cxd5 cxd5 33. Bg2 Bg4 34. h3
Bd7 35. Nf4 Bc6 36. Qe2 Bd7 37. Bxd5+ Kh8 38. Qe4 Qd8 39. Kg2 g6 40. Ne6 Bxe6
41. Qxe6 Qf8 42. f4 h6 43. g4 Kg7 44. Kg3 g5 45. fxg5 hxg5 46. Be4 Qb8+ 47. Kg2
Qf4 48. Qd7+ Kf8 49. Qc8+ Kg7 50. Qd7+ Kf8 51. Qc8+ Ke7 52. Qb7+ Kd8 53. Qd5+
Ke7 54. Qb7+ Kf8 55. Qc8+ 1/2-1/2

[Event "Kalamazoo January Mini-Swiss.3"]
[Site "Kalamazoo, MI"]
[Date "2000.01.22"]
[Round "2"]
[White "Beaman, Matt"]
[Black "Walls, Jeff"]
[Result "0-1"]
[WhiteElo "714"]
[BlackElo "844"]
[PlyCount "72"]
[EventDate "2000.01.22"]

1. e4 e5 2. Bc4 Bc5 3. Nf3 d6 4. h3 Bg4 5. d3 Bxf3 6. Qxf3 Nf6 7. Bg5 Nbd7 8.
Nc3 h6 9. Bxf6 Nxf6 10. Nd5 Nxd5 11. Bxd5 Qf6 12. Qxf6 gxf6 13. c3 c6 14. d4
cxd5 15. dxc5 dxe4 16. cxd6 Rd8 17. O-O-O Kd7 18. Rhe1 Rhe8 19. Rxe4 Re6 20. c4
Rxd6 21. Rxd6+ Kxd6 22. f4 Re8 23. fxe5+ Rxe5 24. Rxe5 Kxe5 25. b4 Kd4 26. c5
Kc4 27. Kd2 Kxb4 28. Ke3 Kxc5 29. Kf4 Kd6 30. Ke4 b5 31. Kd4 a5 32. Kc3 b4+ 33.
Kc4 Kc6 34. Kb3 Kb5 35. a4+ Kc5 36. h4 f5 0-1

[Event "Kalamazoo January Mini-Swiss.3"]
[Site "Kalamazoo, MI"]
[Date "2000.01.22"]
[Round "2"]
[White "Babcock, John"]
[Black "Jackson, Don"]
[Result "0-1"]
[WhiteElo "950"]
[BlackElo "1043"]
[PlyCount "94"]
[EventDate "2000.01.22"]

1. d4 h6 2. c4 g5 3. Nc3 Bg7 4. e3 c5 5. Nf3 Nc6 6. a3 cxd4 7. exd4 a6 8. d5
Ne5 9. Rb1 d6 10. Nxe5 Bxe5 11. Bd2 Nf6 12. Bd3 Bg4 13. Be2 Bxe2 14. Qxe2 Qd7
15. f3 Qf5 16. O-O Qg6 17. Rfe1 O-O 18. Be3 Qh5 19. g3 Rfe8 20. Qg2 Qg6 21. f4
Bxc3 22. bxc3 Ne4 23. f5 Qf6 24. Qxe4 Qxc3 25. a4 Rac8 26. Rec1 Qe5 27. Qf3 Qg7
28. Qg4 f6 29. Bd4 Qf7 30. h4 h5 31. Qe4 g4 32. Re1 Qh7 33. Bxf6 exf6 34. Qxe8+
Rxe8 35. Rxe8+ Kf7 36. Rb8 Qxf5 37. R1xb7+ Kg6 38. Rg8+ Kh6 39. Rh8+ Kg6 40.
Rg8+ Kh6 41. Re7 Qb1+ 42. Kg2 Qd3 43. Rd8 Kg6 44. Re6 Qf3+ 45. Kg1 Qxg3+ 46.
Kf1 Qh3+ 47. Ke1 Qxh4+ 0-1

[Event "Kalamazoo January Mini-Swiss.3"]
[Site "Kalamazoo, MI"]
[Date "2000.01.22"]
[Round "3"]
[White "Babcock, John"]
[Black "Anderson, Brandon"]
[Result "1-0"]
[WhiteElo "950"]
[BlackElo "831"]
[PlyCount "37"]
[EventDate "2000.01.22"]

1. d4 e6 2. c4 Bb4+ 3. Nc3 Bxc3+ 4. bxc3 Nh6 5. Bf4 g5 6. Be3 Nf5 7. Bc1 Nd6 8.
e3 Qf6 9. Bd3 b6 10. Nf3 Bb7 11. O-O Bxf3 12. Qxf3 Qxf3 13. gxf3 Nf5 14. Be4 c6
15. h3 h5 16. Kg2 Rg8 17. Rg1 g4 18. Bd3 Na6 19. e4 1-0

[Event "Kalamazoo January Mini-Swiss.1"]
[Site "Kalamazoo, MI"]
[Date "2000.01.22"]
[Round "1"]
[White "Armstead, Curt"]
[Black "Moore, Robert"]
[Result "1-0"]
[WhiteElo "1847"]
[BlackElo "1600"]
[PlyCount "81"]
[EventDate "2000.01.22"]

1. d4 Nf6 2. c4 d6 3. Nc3 g6 4. e4 Bg7 5. f3 O-O 6. Be3 e5 7. d5 c6 8. Qd2 cxd5
9. cxd5 Bd7 10. Bd3 Na6 11. Bxa6 bxa6 12. Nge2 Qa5 13. g4 Bb5 14. Ng3 Rfc8 15.
a3 Nd7 16. b4 Qd8 17. a4 Qc7 18. Rc1 Bxa4 19. Nxa4 Qb7 20. O-O Qb5 21. Nb2 Nb6
22. Ne2 Qd7 23. Rxc8+ Rxc8 24. Rc1 f5 25. Rxc8+ Nxc8 26. gxf5 gxf5 27. Nc3 f4
28. Bf2 Ne7 29. Qe2 Qc7 30. Qc4 Qb7 31. Nd3 Bf6 32. b5 axb5 33. Nxb5 Qa6 34.
Bxa7 Ng6 35. Bf2 Nh4 36. Ne1 Qa1 37. Qf1 Qa6 38. Nc7 Qa3 39. Bxh4 Qa7+ 40. Qf2
Qxf2+ 41. Bxf2 1-0

[Event "Kalamazoo January Mini-Swiss.3"]
[Site "Kalamazoo, MI"]
[Date "2000.01.22"]
[Round "2"]
[White "Anderson, Brandon"]
[Black "Krzyston, Joe"]
[Result "1-0"]
[WhiteElo "778"]
[BlackElo "862"]
[PlyCount "75"]
[EventDate "2000.01.22"]

1. e3 Nf6 2. Nc3 e6 3. f3 Nc6 4. Ne4 Nxe4 5. fxe4 d5 6. exd5 Qxd5 7. Nh3 e5 8.
Qf3 Qxf3 9. gxf3 Nb4 10. Kd1 Bf5 11. e4 Be6 12. b3 O-O-O 13. Ba3 Nd5 14. Bxf8
Rdxf8 15. Ng5 Rd8 16. Nxe6 fxe6 17. exd5 Rxd5 18. Bg2 Rhd8 19. d3 Rd4 20. Rg1
g6 21. Kd2 h5 22. Rae1 R4d5 23. f4 Ra5 24. a4 exf4 25. Rxe6 Ra6 26. Rxa6 bxa6
27. Be4 g5 28. Rxg5 Rh8 29. Rf5 h4 30. Rxf4 h3 31. Rf3 Kd7 32. Bf5+ Kd8 33.
Bxh3 Rh7 34. d4 c6 35. c4 c5 36. d5 a5 37. d6 a6 38. Rf8# 1-0

[Event "Return of Quadzilla!.1"]
[Site "Flint, MI"]
[Date "2000.01.29"]
[Round "3"]
[White "Yufa, Leonid"]
[Black "Aldrich, Jeff"]
[Result "0-1"]
[WhiteElo "1657"]
[BlackElo "1903"]
[PlyCount "62"]
[EventDate "2000.01.29"]

1. e4 c6 2. Nc3 d5 3. d4 dxe4 4. Nxe4 Nd7 5. Bc4 e6 6. Nf3 Ngf6 7. Ng3 Nb6 8.
Bb3 Be7 9. O-O O-O 10. Re1 c5 11. dxc5 Bxc5 12. Be3 Qc7 13. Bxc5 Qxc5 14. h3
Nbd5 15. Bxd5 Nxd5 16. Ne5 f6 17. Nd3 Qc6 18. Qe2 Bd7 19. Rad1 Rae8 20. Ne4 e5
21. c3 f5 22. Nec5 Bc8 23. Nb3 e4 24. Nb4 Nxb4 25. cxb4 f4 26. Rc1 Qg6 27. Kh2
f3 28. gxf3 exf3 29. Qf1 Qd6+ 30. Kh1 Qh6 31. Nd4 Bxh3 0-1

[Event "Return of Quadzilla!.1"]
[Site "Flint, MI"]
[Date "2000.01.29"]
[Round "1"]
[White "Vandivier, Don"]
[Black "Aldrich, Jeff"]
[Result "0-1"]
[WhiteElo "1927"]
[BlackElo "1903"]
[PlyCount "64"]
[EventDate "2000.01.29"]

1. e4 c6 2. Nc3 d5 3. Nf3 Bg4 4. h3 Bxf3 5. gxf3 d4 6. Ne2 e5 7. c3 d3 8. Ng3
Nf6 9. Qb3 b6 10. c4 Na6 11. Qxd3 Qc7 12. a3 Rd8 13. Qc3 Bc5 14. Nf5 g6 15. Ne3
Bd4 16. Qc2 Nh5 17. Rb1 Nc5 18. b4 Ne6 19. Bb2 O-O 20. h4 Kh8 21. Bh3 Nef4 22.
Bf1 Qe7 23. Bxd4 exd4 24. Qb2 f5 25. d3 fxe4 26. fxe4 Nf6 27. Ng2 Nxe4 28. dxe4
Qxe4+ 29. Kd1 Nxg2 30. Rh2 Ne3+ 31. fxe3 Rxf1+ 32. Ke2 Rxb1 0-1

[Event "Return of Quadzilla!.1"]
[Site "Flint, MI"]
[Date "2000.01.29"]
[Round "4"]
[White "Aldrich, Jeff"]
[Black "Skidmore, Mike"]
[Result "1-0"]
[WhiteElo "1903"]
[BlackElo "1902"]
[PlyCount "59"]
[EventDate "2000.01.29"]

1. d4 d5 2. c4 dxc4 3. Nf3 Nf6 4. Nc3 e6 5. e3 Be7 6. Bxc4 O-O 7. O-O a6 8. a4
Bd7 9. e4 c6 10. Bd3 h6 11. e5 Nd5 12. Ne4 b6 13. h3 c5 14. dxc5 bxc5 15. Nh2
Nc6 16. Ng4 f5 17. exf6 Nxf6 18. Ngxf6+ Bxf6 19. Nxc5 Qe7 20. Nxd7 Rad8 21.
Nxf6+ Qxf6 22. Qe2 Ne5 23. Bc2 Rc8 24. Bb3 Rb8 25. Ba2 Kh8 26. Be3 Ng6 27. Rab1
Nh4 28. Qg4 Nf5 29. Bc5 Rfd8 30. b4 1-0

[Event "Return of Quadzilla!.1"]
[Site "Flint, MI"]
[Date "2000.01.29"]
[Round "2"]
[White "Aldrich, Jeff"]
[Black "Nolan, Brian"]
[Result "1/2-1/2"]
[WhiteElo "1903"]
[BlackElo "1563"]
[PlyCount "51"]
[EventDate "2000.01.29"]

1. d4 Nf6 2. c4 e6 3. Nc3 Bb4 4. Qc2 c5 5. dxc5 Bxc5 6. e3 O-O 7. Nf3 Nc6 8. a3
a5 9. Bd3 b6 10. O-O Ba6 11. b3 Qc7 12. Bb2 Na7 13. Rfd1 Bb7 14. Nd4 Nc6 15.
Ndb5 Qb8 16. Ne4 Ng4 17. Ng3 f5 18. Qe2 h5 19. h3 h4 20. hxg4 hxg3 21. gxf5
exf5 22. Qh5 gxf2+ 23. Kf1 Qg3 24. Bxf5 Rxf5 25. Qxf5 Ne7 26. Qh3 $138 1/2-1/2